| 000 | 01500nam a2200289Ia 4500 | ||
|---|---|---|---|
| 999 |
_c36162 _d36162 |
||
| 001 | 2064 | ||
| 003 | GE_BSU | ||
| 005 | 20190514151242.0 | ||
| 008 | 181216s2008||||ge |||||||||||||| ||geo|| | ||
| 020 | _a999402535X | ||
| 040 | _cGE_BSU | ||
| 041 | _ageo | ||
| 080 | _a575.8(075.8) დ–43 | ||
| 100 |
_aდიასამიძე, ანზორ _91109 |
||
| 245 |
_aბიოევოლუცია : _bსახელმძღვ. უნ-ტის საბუნებისმეტყვ., სას.-სამ. და სამედ. ფაკ. სტუდ. / _c ანზორ დიასამიძე ; რედ. ქეთევან დოლიძე, მარინა ქორიძე. |
||
| 264 |
_aბათუმი : _bშოთა რუსთაველის სახელმწ. უნ-ტის გამ-ბა, _c2008. |
||
| 300 |
_a741 გვ.; _b20 სმ. |
||
| 504 | _a ბიბლიოგრ.: გვ. 731-732. | ||
| 653 | _aბიოევოლუცია | ||
| 653 | _a ევოლუციური თეორია | ||
| 653 | _aმემკვიდრეობითობა | ||
| 653 | _aცვალებადობა | ||
| 700 |
_aდოლიძე, ქეთევან _d _eრედაქტორი _9333 |
||
| 700 |
_aქორიძე, მარინა _eრედაქტორი _91110 |
||
| 710 |
_aშოთა რუსთაველის სახელმწ. უნ-ტი. _9246 |
||
| 942 |
_cBK _2udc |
||